| 000 | 01680nam a2200433Ii 4500 | ||
|---|---|---|---|
| 001 | DIGHERDER0457 | ||
| 003 | NyNyDIG | ||
| 007 | cr ||||||||||| | ||
| 008 | 220614s2019 sp o 000 0 spa d | ||
| 006 | m o d | ||
| 035 | _a(OCoLC)1330438601 | ||
| 040 |
_aDGITA _beng _erda _epn _cDGITA |
||
| 020 |
_a9788425441318 _qeBook _qePub |
||
| 020 | _z9788425441301 | ||
| 050 | 1 | 4 | _aHQ767.9 ebook |
| 100 | 1 |
_aUnseld, Phil, _d1970- _eauthor. |
|
| 245 | 1 | 3 |
_aEl microcosmos del movimiento : _buna mirada funcional al desarrollo del bebé para padres y profesionales, basado en el método Feldenkrais / _cPhilipp Unseld ; ilustraciones de Dominique Rebourgeon. |
| 250 | _a1a. edición digital. | ||
| 264 | 1 |
_aBarcelona : _bHerder, _c2019. |
|
| 300 |
_a1 online resource: _billustrations. |
||
| 336 |
_atext _btxt _2rdacontent |
||
| 337 |
_acomputer _bc _2rdamedia |
||
| 338 |
_aonline resource _bcr _2rdacarrier |
||
| 347 |
_atext file _2rdaft |
||
| 347 | _bEPUB | ||
| 504 | _aIncludes bibliographical references. | ||
| 588 | 0 | _aOnline resource; title from ePub title page (Digitalia, viewed June 14, 2022) | |
| 650 | 0 | _aChild development. | |
| 650 | 0 | _aChildren. | |
| 650 | 0 | _aFeldenkrais method. | |
| 655 | 0 | _aElectronic books. | |
| 700 | 1 |
_aRebourgeon, Dominique, _d1946- _eillustrator. |
|
| 791 | 2 |
_aDigitalia (Firm), _edistributor. |
|
| 793 | 0 |
_gDigitalia eBook Collection: _aHerder Editorial |
|
| 776 | 0 | 8 |
_iPrint version: _aUnseld, Phil, 1970- _tMicrocosmos del movimiento. _dBarcelona : Herder, 2019 _z9788425441301 |
| 856 | 4 | 0 |
_3Digitalia Hispánica _uhttps://www.digitaliapublishing.com/a/61478/ |
| 910 | _aPremium collection: 2022 | ||
| 942 | _cRAA | ||
| 999 |
_c257721 _d257721 |
||